| 000 | 01464ncm a2200397 a 4500 | ||
|---|---|---|---|
| 999 |
_c311053 _d311053 |
||
| 003 | BLK | ||
| 005 | 20250128005554.0 | ||
| 008 | 180414b bul |a|er|||| |0| c|bulo| | ||
| 010 | _aNOT00002461000 | ||
| 040 | _aBLK | ||
| 041 |
_aDEU _cDEU |
||
| 080 |
_aЦигулка, виолина, виола д'аморе _b787.1 _z787.1 |
||
| 080 |
_aДуо цигулка и пиано _b785.72:787.1:786.2 _z785.72:787.1:786.2 |
||
| 100 | 1 |
_aВивалди, Антонио _eпърви автор _947870 |
|
| 139 |
_aВивалди, Антонио _bВ 55 |
||
| 245 | 1 | 0 |
_aKonzert _ba-moll : Fur Violine und Schtreichorchester : Ausgabe fur Violine mit Klavier _cАнтонио Вивалди; * Antonio Vivaldi; bearb. Ferdinand Kuchler. _sOp.3, Nr.6 |
| 254 | _aКлавир | ||
| 257 | _aDEU | ||
| 260 |
_aLepzig _bPeters 3794 _cS. a. |
||
| 300 |
_a11 с. _c29 см _e11 с. щим |
||
| 380 | _a7 | ||
| 650 | 0 |
_aЦигулка - концерти, концертини _9291571 |
|
| 650 | 0 |
_aДуо - цигулка и пиано _9353793 |
|
| 653 | _aцигулка | ||
| 653 | _aконцерти | ||
| 653 | _aклавири | ||
| 700 | 1 |
_aVivaldi, Antonio _e* _927390 |
|
| 700 | 1 |
_aKuchler, Ferdinand _ebearb. _916083 |
|
| 852 |
_aЦб М ІІ 1870 _p0 |
||
| 856 | 4 |
_qpdf _u _i0.00 _ldisable |
|
| 856 | 4 |
_qpdf _u _i0.00 _ldisable |
|
| 942 |
_cNOT _n0 _s1 |
||
| 944 |
_aCR _c28.12.2007 _k _lCRON CRON |
||
| 944 |
_aED _c28.12.2007 |
||
| 999 | _d311053 | ||